00651nam a2200205Ia 450000500170000000800410001702000150005808200130007310000210008624500820010725000090018926000600019830000160025865000140027465000210028870000200030994200060032995200950033599900150043020240605011826.0240331s9999 xx 000 0 und d a9559105035 bDISa370 aDissanayaka, J.B 0aStudies in sinhala literacy :btraditional knowledge as reflected in folklore a1 st aColombobNational Association for Total Educationc1990 axii,100 p., aEducation aSinhala Literacy aJayawardhana,W. cL 001040708LaWERCLbWERCLcSSCd2024-03-31l0o 370 DISp3518r2024-03-31w2024-03-31yL c2944d2944